| 000 | 00803nam a2200193 a 4500 | ||
|---|---|---|---|
| 001 | 000043225 | ||
| 005 | 20201002040734.0 | ||
| 008 | 140226s2013 dr a 000 0 spa d | ||
| 020 | _a9789945416473 | ||
| 040 |
_aDO-SdBNP _bspa _cBNPHU |
||
| 082 |
_axxx _bxxx |
||
| 100 | 1 |
_aRama, Claudio _935101 |
|
| 245 | 1 | 3 |
_aLa reforma de la virtualización de la universidad : _bel nacimiento de la educación digital / _cClaudio Rama ; presentación José Andrés Aybar Sánchez. |
| 260 |
_aSanto Domingo : _bUNICARIBE, _c2013. |
||
| 300 |
_a311 p. : _bil. ; _c25 cm. |
||
| 500 | _aIncluye referencias bibliográficas y notas al pie de las páginas. | ||
| 500 | _aIncluye datos biográficos del autor en la solapa de la contracubierta. | ||
| 710 | 2 | 2 |
_aUniversidad del Caribe (UNICARIBE), República Dominicana _970817 |
| 999 |
_c42714 _d42714 |
||